00593cam a22001931 4500003000400000005001700004008004100021015001500062020001000077040000900087082001500096100001900111245003100130260006200161504003000223942001500253999001500268952011600283OSt20260511142132.0770329s1954 xx 000 0 eng c aGB54-13440 a03289 cIRDP 2320.56 MAS1 aMason, Philip.03aAn essay on racial tension aLondon;bRoyal Institute of International Affairs,c1954. aBibliography: p. 147-149. 2ddccBOOKS c9728d9728 00102ddc4070a1000b1000cGround Floor d2026-05-11l0o320.56 MASpLIB003502r2026-05-11w2026-05-11yBOOKS